Slope stability, retaining walls, and foundations (Record no. 216085)
[ view plain ]
| 000 -LEADER | |
|---|---|
| fixed length control field | 02073nam a2200409 a 4500 |
| 082 04 - DEWEY DECIMAL CLASSIFICATION NUMBER | |
| Classification number | 624.1/51363 |
| 245 00 - TITLE STATEMENT | |
| Title | Slope stability, retaining walls, and foundations |
| 260 ## - PUBLICATION, DISTRIBUTION, ETC. (IMPRINT) | |
| Place of publication | Reston, Va. : |
| Name of publisher | American Society of Civil Engineers, |
| Year of publication | c2009. |
| 300 ## - PHYSICAL DESCRIPTION | |
| Number of Pages | xi, 252 p. : |
| Other physical details | ill. (some col.). |
| 490 1# - SERIES STATEMENT | |
| Series statement | Geotechnical special publication ; |
| 650 #0 - SUBJECT ADDED ENTRY--TOPICAL TERM | |
| Topical Term | Soil stabilization |
| Topical Term | Slopes (Soil mechanics) |
| Topical Term | Retaining walls |
| Topical Term | Foundations |
| 700 1# - ADDED ENTRY--PERSONAL NAME | |
| Personal name | Ge, Louis. |
| 856 40 - ELECTRONIC LOCATION AND ACCESS | |
| Uniform Resource Identifier | http://site.ebrary.com/lib/rucke/Doc?id=10475969 |
No items available.
